| 000 | 00658nam a22002297a 4500 | ||
|---|---|---|---|
| 005 | 20260218104553.0 | ||
| 008 | 250103b ||||| |||| 00| 0 eng d | ||
| 020 | _a9788119896646 | ||
| 040 | _cAL | ||
| 041 | _aEnglish | ||
| 082 |
_223 _a519.2 _bWALP |
||
| 100 |
_aRonald E Walpole _9255582 |
||
| 245 | _aProbability and Statistics for Engineers and Scientists | ||
| 250 | _a9. | ||
| 260 |
_aNoida _bPearson _c2024 |
||
| 300 |
_a810p _bPB _c23.5x18cm |
||
| 365 |
_aHYD8-7023045 _b₹880.95 _c₹ _d₹999.00 _f17-12-2024 |
||
| 700 |
_a Myres, Raymond H _9192041 |
||
| 700 |
_aMyres, Sharon l _9192042 |
||
| 700 |
_aKeyingY E _9192043 |
||
| 942 |
_2ddc _cBK |
||
| 999 |
_c233458 _d233458 |
||